Musiker erraten - Rock - Statistiken

Allgemein
  • Dieses Quiz wurde 2.592 mal gespielt
  • Das Durchschnittsergebnis liegt bei 8 aus 16
Antwortstatistiken
Bildquiz Antwort % Korrekt
Queen
95%
The Police
86%
Scorpions
84%
Led Zeppelin
81%
Red Hot Chili Peppers
76%
Die Ärzte
67%
KISS
62%
The Beatles
53%
Oasis
48%
Whitesnake
41%
T. Rex
32%
U2
22%
Deep Purple
20%
The Rolling Stones
20%
Nirvana
16%
Geier Sturzflug
10%
Keine übereinstimmenden Quizze gefunden
Verteilung der Resultate
Anzahl Personen mit jedem Resultat
Perzentil nach korrekt beantworteten Fragen
Ihre Resultats-Entwicklung
Sie haben dieses Quiz noch nicht gespielt